Kubang busuk

Bibliographic Details
Other Authors: Azizi Umar Ali (Illustrator)
Format: Book
Published: Kuala Lumpur : Dewan Bahasa dan Pustaka 2023
Subjects:

MARC

LEADER 00000cam a2200000 7i4500
001 0000093731
005 20240131091523.0
008
020 |a 9789834938710 (  |q (paperback)) 
040 |e rda 
041 |a Malay 
090 0 0 |a JP   |b MAL 
245 1 0 |a Kubang busuk 
264 1 |a Kuala Lumpur :   |b Dewan Bahasa dan Pustaka   |c 2023 
300 |a 32 pages :   |b color illustrations ;   |c 25 cm. 
336 |a text  |2 rdacontent 
337 |a unmediated  |2 rdamedia 
338 |a volume  |2 rdacarrier 
500 |a Children age 4-6 years old (yellow) 
541 |c Donation from Inisiatif Belanjawan 2023 
650 0 |a Children stories, Malay 
650 0 |a Siti Sara Salwana 
700 1 |a Azizi Umar Ali ,   |e (illustrator) 
730 0 |a Title 
999 |a 0001754447   |b Book   |c Children Collection   |e Desa - PPAJ 
999 |a 0001754448   |b Book   |c Children Collection   |e Desa - PPAJ 
999 |a 0001754449   |b Book   |c Children Collection   |e Desa - PPAJ 
999 |a 0001754450   |b Book   |c Children Collection   |e Desa - PPAJ 
999 |a 0001754451   |b Book   |c Children Collection   |e Desa - PPAJ 
999 |a 0001754452   |b Book   |c Children Collection   |e Desa - PPAJ 
999 |a 0001754453   |b Book   |c Children Collection   |e Desa - PPAJ 
999 |a 0001754454   |b Book   |c Children Collection   |e Desa - PPAJ 
999 |a 0001754455   |b Book   |c Children Collection   |e Desa - PPAJ 
999 |a 0001754456   |b Book   |c Children Collection   |e Desa - PPAJ 
999 |a 0001754457   |b Book   |c Children Collection   |e Desa - PPAJ 
999 |a 0001754458   |b Book   |c Children Collection   |e Desa - PPAJ 
999 |a 0001754459   |b Book   |c Children Collection   |e Desa - PPAJ 
999 |a 0001754460   |b Book   |c Children Collection   |e Desa - PPAJ 
999 |a 0001754461   |b Book   |c Children Collection   |e Desa - PPAJ 
999 |a 0001754462   |b Book   |c Children Collection   |e Desa - PPAJ 
999 |a 0001754463   |b Book   |c Children Collection   |e Desa - PPAJ 
999 |a 0001754464   |b Book   |c Children Collection   |e Desa - PPAJ 
999 |a 0001754465   |b Book   |c Children Collection   |e Desa - PPAJ 
999 |a 0001754466   |b Book   |c Children Collection   |e Desa - PPAJ 
999 |a 0001754467   |b Book   |c Children Collection   |e Desa - PPAJ 
999 |a 0001754468   |b Book   |c Children Collection   |e Desa - PPAJ 
999 |a 0001755094   |b Book   |c Children Collection   |e Perbadanan Perpustakaan Awam Johor 
999 |a 0001755589   |b Book   |c Children Collection   |e Cawangan Urban Transformation Centre 
999 |a 0001755590   |b Book   |c Children Collection   |e Cawangan AEON Kulaijaya 
999 |a 0001755591   |b Book   |c Children Collection   |e Cawangan Mersing 
999 |a 0001755592   |b Book   |c Children Collection   |e Cawangan Pontian 
999 |a 0001755593   |b Book   |c Children Collection   |e Cawangan Segamat 
999 |a 0001755594   |b Book   |c Children Collection   |e Cawangan Bukit Gambir 
999 |a 0001755595   |b Book   |c Children Collection   |e Cawangan Muar 
999 |a 0001755596   |b Book   |c Children Collection   |e Cawangan Tangkak 
999 |a 0001755597   |b Book   |c Children Collection   |e Perbadanan Perpustakaan Awam Johor 
999 |a 0001755598   |b Book   |c Children Collection   |e Cawangan Bandar Penawar 
999 |a 0001755599   |b Book   |c Children Collection   |e Cawangan Kota Tinggi 
999 |a 0001755600   |b Book   |c Children Collection   |e Cawangan Taman Sri Lambak 
999 |a 0001755601   |b Book   |c Children Collection   |e Perbadanan Perpustakaan Awam Johor 
999 |a 0001755602   |b Book   |c Children Collection   |e Cawangan Tmn. Ungku Tun Aminah 
999 |a 0001755603   |b Book   |c Children Collection   |e Cawangan Taman Universiti 
999 |a 0001755604   |b Book   |c Children Collection   |e Cawangan Batu Pahat 
999 |a 0001755605   |b Book   |c Children Collection   |e Cawangan Tmn. Ungku Tun Aminah 
999 |a 0001755606   |b Book   |c Children Collection   |e Cawangan Bandar Tenggara